Pokémon by Picture - Generation 1 - Statistics

General Stats
  • This quiz has been taken 81 times
  • The average score is 15 of 16
Answer Stats
Picture Answer % Correct
Pikachu
100%
Charizard
98%
Bulbasaur
96%
Eevee
96%
Gengar
96%
Squirtle
95%
Ditto
93%
Meowth
93%
Mew
93%
Mewtwo
93%
Snorlax
93%
Machamp
91%
Magikarp
91%
Metapod
89%
Slowpoke
86%
Poliwhirl
79%
No matching quizzes found
Score Distribution
Percent of People with Each Score
Percentile by Number Answered
Your Score History
You have not taken this quiz